000 00226nam a2200085Ia 4500
245 0 _aMP3 players
100 _a Sturm, Jeanne Vero Beach, FL, [c.2009]
_9100669
942 _cBK
008 210818s9999 xx 000 0 und d
999 _c432831
_d432830